[Event "grenke Chess Open 2025"]
[Site "Karlsruhe GER"]
[Date "2025.04.19"]
[Round "4.8"]
[White "Di Nicolantonio, Lucas"]
[Black "Bartel, Mateusz"]
[Result "1/2-1/2"]
[WhiteTitle "IM"]
[BlackTitle "GM"]
[WhiteElo "2414"]
[BlackElo "2595"]
[WhiteFideId "680460"]
[BlackFideId "1112635"]
[EventDate "2025.04.17"]

1. Nf3 Nf6 2. d4 b6 3. e3 Bb7 4. Bd3 g6 5. O-O Bg7 6. Nbd2 c5 7. b3 Nc6 8. Bb2
O-O 9. a3 d5 10. dxc5 bxc5 11. Qe2 d4 12. Ba6 Bxa6 13. Qxa6 Qc7 14. exd4 Nxd4
15. Qc4 Ne8 16. Nxd4 cxd4 17. Rad1 Rc8 18. Qxc7 Nxc7 19. Nc4 Rfd8 20. Rfe1 e6
21. g3 Rd5 22. f4 Na6 23. Rd2 Nc5 24. Ne5 d3 25. b4 Na4 26. cxd3 Nxb2 27. Rxb2
f6 28. Ng4 Kf7 29. Rbe2 Rc6 30. Nf2 f5 31. Kg2 h6 32. h4 Bd4 33. Nd1 Bf6 34. Nf2
Rdd6 35. b5 Rc3 36. a4 Bd4 37. Rb1 Bb6 38. Rb4 Rd4 39. Rxd4 Bxd4 40. Ra2 Rb3 41.
Kf1 Ke7 42. Ke2 Kd7 43. Nd1 e5 44. Rc2 Ra3 1/2-1/2

[Event "grenke Chess Open 2025"]
[Site "Karlsruhe GER"]
[Date "2025.04.19"]
[Round "4.9"]
[White "Yankelevich, Lev"]
[Black "Muradli, Mahammad"]
[Result "0-1"]
[WhiteTitle "GM"]
[BlackTitle "GM"]
[WhiteElo "2413"]
[BlackElo "2588"]
[WhiteFideId "24684074"]
[BlackFideId "13409301"]
[EventDate "2025.04.17"]

1. d4 Nf6 2. c4 e6 3. Nf3 d5 4. Nc3 c5 5. cxd5 Nxd5 6. e4 Nxc3 7. bxc3 cxd4 8.
cxd4 Bb4+ 9. Bd2 Bxd2+ 10. Qxd2 O-O 11. Bc4 Nd7 12. O-O b6 13. d5 Nc5 14. Qd4
Bb7 15. Rad1 Qf6 16. Qxf6 gxf6 17. Nd4 e5 18. Nf5 Nxe4 19. Rfe1 Nc5 20. f4 Rfe8
21. Bb5 Red8 22. fxe5 fxe5 23. Rxe5 Kf8 24. d6 a6 25. Bc4 Be4 26. Rf1 Ra7 27.
Ne7 f5 28. Nxf5 Bxf5 29. Rfxf5+ Kg7 30. Rg5+ Kh6 31. Rh5+ Kg7 32. Rhg5+ Kh6 33.
g4 Rxd6 34. Rg8 Rg7 35. g5+ Kg6 36. Rxg7+ Kxg7 37. Bd5 Kg6 38. Kg2 Nd3 39. Be4+
Kh5 40. Bxd3 Rxd3 41. Re6 Kxg5 42. Rxb6 Rd2+ 43. Kg3 Rxa2 44. h4+ Kh5 45. Rb3
Ra4 46. Rb7 h6 47. Rb6 Rg4+ 48. Kf3 Rg6 49. Rb4 Rg7 50. Rb6 Ra7 51. Rb4 a5 52.
Ra4 Kg6 53. Ke4 Kf6 54. Kd5 Kf5 55. Kc6 h5 56. Kb6 Ra8 57. Kb7 Rg8 58. Kc6 Rg6+
59. Kc7 Ra6 60. Kb7 Rf6 61. Kc7 Ra6 62. Kb7 Rg6 63. Kc7 Rf6 64. Kb7 Kg6 65. Rxa5
Rf4 66. Kc6 Rxh4 67. Kd5 Rf4 68. Ra8 Kf5 69. Rg8 h4 70. Rh8 Ra4 71. Rh7 Kg4 72.
Rg7+ Kf3 73. Rb7 h3 74. Rb3+ Kg4 75. Rb2 Ra3 76. Ke4 Kg3 77. Rb1 h2 78. Rc1 Ra2
79. Ke3 Kg2 80. Rc8 Ra3+ 81. Ke2 h1=Q 82. Rg8+ Rg3 0-1

[Event "grenke Chess Open 2025"]
[Site "Karlsruhe GER"]
[Date "2025.04.19"]
[Round "4.10"]
[White "Jacobson, Brandon"]
[Black "Ernst, Robert"]
[Result "1-0"]
[WhiteTitle "GM"]
[BlackTitle "FM"]
[WhiteElo "2570"]
[BlackElo "2378"]
[WhiteFideId "30901561"]
[BlackFideId "1662643"]
[EventDate "2025.04.17"]

1. c4 c6 2. Nf3 d5 3. e3 Nf6 4. Qc2 g6 5. b3 Bg7 6. Bb2 O-O 7. Be2 Bg4 8. d3
Nbd7 9. Nbd2 Re8 10. h3 Bxf3 11. Nxf3 e5 12. cxd5 cxd5 13. O-O Bf8 14. Rfc1 Bd6
15. Bf1 Qe7 16. a3 Rad8 17. b4 a6 18. Nd2 Bb8 19. g3 h5 20. Bg2 Qd6 21. Kf1 Nf8
22. Qb3 Qd7 23. Nf3 N8h7 24. Kg1 Qd6 25. b5 e4 26. dxe4 dxe4 27. Rd1 Qb6 28.
Rxd8 Rxd8 29. Bd4 Qd6 30. Ne5 Qd5 31. Qxd5 Rxd5 32. bxa6 bxa6 33. Nc6 Bd6 34.
Bf1 a5 35. a4 Bc5 36. Rc1 Ba3 37. Rb1 Rf5 38. Rb8+ Kg7 39. h4 Kh6 40. Rb5 Rxb5
41. axb5 a4 42. b6 Bd6 43. b7 Nd7 44. Bb5 a3 45. Nd8 Ne5 46. Bxe5 Bxe5 47. Nxf7+
Kg7 48. Nxe5 a2 49. b8=Q a1=Q+ 50. Kg2 1-0

[Event "grenke Chess Open 2025"]
[Site "Karlsruhe GER"]
[Date "2025.04.19"]
[Round "4.11"]
[White "Fedorovsky, Michael"]
[Black "Kazakouski, Valery"]
[Result "0-1"]
[WhiteTitle "IM"]
[BlackTitle "GM"]
[WhiteElo "2397"]
[BlackElo "2563"]
[WhiteFideId "14105454"]
[BlackFideId "13507443"]
[EventDate "2025.04.17"]

1. b3 d5 2. Bb2 Bg4 3. Nf3 e6 4. e3 Nd7 5. h3 Bh5 6. d3 c6 7. Nbd2 Bg6 8. g3 h6
9. Bg2 Ngf6 10. O-O Bc5 11. Qe2 Qc7 12. a3 O-O 13. b4 Be7 14. e4 a5 15. e5 Ne8
16. Bc3 Nb6 17. Nb3 a4 18. Nbd4 Qd7 19. Bb2 Nc7 20. c4 c5 21. bxc5 Bxc5 22. Rac1
Qe7 23. Nh4 Bh7 24. Nc2 Rfd8 25. cxd5 Nbxd5 26. Be4 Bxe4 27. dxe4 Nf4 28. gxf4
Qxh4 29. Qg4 Qxg4+ 30. hxg4 Nb5 31. Rfd1 Rac8 32. Ne3 Bxa3 33. Bxa3 Nxa3 34. Ra1
Rxd1+ 35. Nxd1 Nb5 36. Nb2 a3 37. Nd3 Rc3 38. Nc1 Nd4 39. Kg2 b5 40. Na2 Rc2 41.
Nb4 Rc4 42. Rxa3 Rxb4 43. Ra8+ Kh7 44. Ra7 Nc6 45. Rxf7 Rxe4 46. f3 Rc4 47. Rb7
Rxf4 0-1

[Event "grenke Chess Open 2025"]
[Site "Karlsruhe GER"]
[Date "2025.04.19"]
[Round "4.12"]
[White "Pham, Khoi"]
[Black "Sanal, Vahap"]
[Result "1/2-1/2"]
[WhiteTitle "IM"]
[BlackTitle "GM"]
[WhiteElo "2386"]
[BlackElo "2550"]
[WhiteFideId "1054988"]
[BlackFideId "6300545"]
[EventDate "2025.04.17"]

1. d4 Nf6 2. c4 e6 3. Nf3 b6 4. g3 Bb7 5. Bg2 Be7 6. O-O O-O 7. Re1 Qc8 8. Nc3
Ne4 9. Nxe4 Bxe4 10. Bh3 Qa6 11. Nd2 Bg6 12. e4 Nc6 13. d5 Nd4 14. Nb3 Nxb3 15.
Qxb3 c6 16. Bf4 Bc5 17. Rad1 b5 18. cxb5 cxb5 19. Bf1 Qb6 20. Be3 a6 21. a4 b4
22. Bxc5 Qxc5 23. Rc1 Qb6 24. Qe3 Qd8 25. d6 Qa5 26. Rc5 Qxa4 27. Bc4 b3 28.
Qxb3 Qxb3 29. Bxb3 Rab8 30. Ba4 Rb4 31. Bxd7 Bxe4 32. Bc6 Bg6 33. Rd1 Rxb2 34.
Be8 Rxe8 35. d7 Rbb8 36. dxe8=Q+ Rxe8 1/2-1/2

[Event "grenke Chess Open 2025"]
[Site "Karlsruhe GER"]
[Date "2025.04.19"]
[Round "4.13"]
[White "Amar, Elham"]
[Black "Papp, Levente"]
[Result "1-0"]
[WhiteTitle "GM"]
[BlackTitle "FM"]
[WhiteElo "2546"]
[BlackElo "2376"]
[WhiteFideId "1533533"]
[BlackFideId "751243"]
[EventDate "2025.04.17"]

1. e4 e6 2. d4 d5 3. e5 c5 4. c3 Nc6 5. Nf3 Bd7 6. Be2 Nge7 7. O-O Ng6 8. Be3
cxd4 9. cxd4 f6 10. exf6 Qxf6 11. Nc3 Bd6 12. g3 O-O 13. Qd2 Nge7 14. Rad1 Nf5
15. Bf4 Bxf4 16. Qxf4 Be8 17. Bb5 Bh5 18. Bxc6 bxc6 19. Rd3 Bxf3 20. Qxf3 e5 21.
dxe5 Qxe5 22. Qd1 Rae8 23. Na4 Nd6 24. Qc2 Ne4 25. Nc3 Nf6 26. b4 Qh5 27. f3 Nd7
28. f4 Nf6 29. Qd2 a6 30. a4 Kh8 31. Kg2 Re7 32. Qd1 Qg6 33. h3 Rfe8 34. Rdf3
Re3 35. Qd2 Rxf3 36. Rxf3 Ne4 37. Qd3 Rb8 38. Qxa6 Nxc3 39. Rxc3 Qe4+ 40. Rf3 d4
41. Qc4 h6 42. a5 Qe7 43. Qxd4 Rxb4 44. Re3 Qf8 45. Qd7 Rb2+ 46. Kf3 Rb8 47.
Qxc6 Qd8 48. Qa4 Qd5+ 49. Kg4 Qf7 50. Qc6 Rf8 51. Re5 Qb3 52. Re8 Qd1+ 53. Kh4
g5+ 54. fxg5 hxg5+ 55. Kxg5 Qd2+ 56. Kh4 Qd4+ 57. Kh5 Rxe8 58. Qxe8+ Kg7 59.
Qe7+ Kh8 60. Qf8+ Kh7 61. Qf5+ Kh8 62. a6 Qc4 63. Qe5+ Kh7 64. Qe7+ Kh8 65. Qf6+
Kh7 66. g4 Qa4 67. Qe7+ Kh8 68. a7 Qc6 69. Qf8+ Kh7 70. Kh4 Qh1 71. Qf7+ Kh8 72.
Qe8+ 1-0

[Event "grenke Chess Open 2025"]
[Site "Karlsruhe GER"]
[Date "2025.04.19"]
[Round "4.14"]
[White "Lad, Mandar Pradip"]
[Black "Engel, Luis"]
[Result "0-1"]
[BlackTitle "GM"]
[WhiteElo "2375"]
[BlackElo "2544"]
[WhiteFideId "25747630"]
[BlackFideId "12961523"]
[EventDate "2025.04.17"]

1. e4 c5 2. Nf3 d6 3. d4 cxd4 4. Nxd4 Nf6 5. Nc3 a6 6. Be3 e5 7. Nb3 Be6 8. h3
Be7 9. Qd2 O-O 10. O-O-O b5 11. f4 Nc6 12. g4 exf4 13. Bxf4 b4 14. Nd5 Nxe4 15.
Nxe7+ Qxe7 16. Qe3 d5 17. Bg2 Rfc8 18. Bxe4 dxe4 19. Qxe4 a5 20. Rd6 a4 21. Nc5
b3 22. Nxe6 bxa2 23. Kd2 Na5 24. Ke2 Nc4 25. Rc6 Rxc6 26. Qxc6 Qxe6+ 27. Qxe6
fxe6 28. Ra1 Nxb2 29. Rxa2 Nc4 30. Kd3 Rc8 31. Bc1 Nb6 32. Be3 Nd5 33. Bd2 Rf8
34. c4 Nf4+ 35. Bxf4 Rxf4 36. Rxa4 Rf3+ 37. Kd4 Kf7 38. Ra7+ Kf6 39. c5 Rxh3 40.
c6 e5+ 41. Kc4 Rh1 42. g5+ Kxg5 43. Rxg7+ Kf6 44. Ra7 Ke6 45. c7 Rc1+ 46. Kd3 h5
47. Ke4 Rc4+ 48. Kd3 Rc5 49. Ke4 Kf6 50. Ra6+ Kg5 51. Ra8 Rxc7 52. Rg8+ Kh4 53.
Kxe5 Rc4 54. Rh8 Kg4 55. Rg8+ Kf3 56. Rf8+ Kg3 57. Rg8+ Kh2 58. Kf5 h4 59. Ra8
h3 60. Rg8 Kh1 61. Rg7 h2 62. Rg8 Rc1 63. Kf4 Rg1 64. Ra8 Kg2 65. Ra2+ Kh3 66.
Ra3+ Kh4 67. Ra8 Rf1+ 0-1

[Event "grenke Chess Open 2025"]
[Site "Karlsruhe GER"]
[Date "2025.04.19"]
[Round "4.15"]
[White "Smith, Bryan"]
[Black "Subelj, Jan"]
[Result "1/2-1/2"]
[WhiteTitle "GM"]
[BlackTitle "GM"]
[WhiteElo "2374"]
[BlackElo "2528"]
[WhiteFideId "2017083"]
[BlackFideId "14618583"]
[EventDate "2025.04.17"]

1. Nf3 d5 2. g3 Nf6 3. Bg2 e6 4. O-O c5 5. c4 d4 6. e3 Nc6 7. d3 Bd6 8. exd4
cxd4 9. Bg5 h6 10. Bxf6 gxf6 11. Nbd2 f5 12. a3 a5 13. Rc1 Bc5 14. Nb3 Be7 15.
c5 a4 16. Nbd2 Ra5 17. Rc4 O-O 18. Rxa4 Rxc5 19. b4 Rd5 20. Ra8 b5 21. Nb3 Qb6
22. Nfd2 Rdd8 23. Qc2 Bb7 24. Rxd8 Rxd8 25. Rc1 Ne5 26. Qc7 Qxc7 27. Rxc7 Bxg2
28. Kxg2 Bd6 29. Rb7 Nxd3 30. Rxb5 Ne1+ 31. Kf1 Nc2 32. Nc4 d3 33. Rb7 Bf8 34.
Ra7 Bg7 35. b5 Nd4 36. Nxd4 Bxd4 37. Rc7 Bc3 38. b6 Ba5 39. Rc6 Bxb6 1/2-1/2

[Event "grenke Chess Open 2025"]
[Site "Karlsruhe GER"]
[Date "2025.04.19"]
[Round "4.16"]
[White "Costa, Leonardo"]
[Black "Fischer, Daniel2"]
[Result "1-0"]
[WhiteTitle "IM"]
[WhiteElo "2510"]
[BlackElo "2002"]
[WhiteFideId "16213955"]
[BlackFideId "4662067"]
[EventDate "2025.04.17"]

1. e4 e5 2. Nf3 Nc6 3. Bc4 Bc5 4. c3 Nf6 5. d3 d6 6. O-O a6 7. a4 h6 8. Re1 O-O
9. h3 Re8 10. Nbd2 Be6 11. Bxe6 Rxe6 12. b4 Ba7 13. Qc2 Ne7 14. Nf1 d5 15. exd5
Qxd5 16. c4 Qd6 17. c5 Qd5 18. Ne3 Qd8 19. Nc4 Nc6 20. Bd2 Qd5 21. b5 Nd4 22.
Nxd4 Qxd4 23. Be3 Qd5 24. Na5 axb5 25. axb5 Bxc5 26. Qxc5 Qxc5 27. Bxc5 b6 28.
Bxb6 cxb6 29. Nc4 Rxa1 30. Rxa1 Nd5 31. Ra8+ Kh7 32. Rc8 Nc3 33. Rc6 Nxb5 34.
Rxe6 fxe6 35. Nxb6 Nc3 36. Nd7 e4 37. dxe4 Nxe4 38. Nf8+ Kg8 39. Nxe6 Kf7 40.
Nf4 Kf6 41. g4 g5 42. Nh5+ Kg6 43. Kg2 Nf6 44. Nxf6 Kxf6 45. h4 Ke5 46. hxg5
hxg5 47. Kf3 Kd4 48. Ke2 Ke4 49. f3+ Kd4 50. Kd2 1-0

[Event "grenke Chess Open 2025"]
[Site "Karlsruhe GER"]
[Date "2025.04.19"]
[Round "4.17"]
[White "Roser, Kevin"]
[Black "Rozen, Eytan"]
[Result "1/2-1/2"]
[WhiteTitle "IM"]
[BlackTitle "IM"]
[WhiteElo "2369"]
[BlackElo "2508"]
[WhiteFideId "608688"]
[BlackFideId "2816750"]
[EventDate "2025.04.17"]

1. e4 c5 2. Nf3 d6 3. d4 cxd4 4. Nxd4 Nf6 5. Nc3 a6 6. Be2 e5 7. Nb3 Be7 8. Be3
Be6 9. Nd5 Nbd7 10. Qd3 Bxd5 11. exd5 Rc8 12. c4 O-O 13. O-O a5 14. Rae1 g6 15.
Kh1 Ne8 16. Qd2 a4 17. Na5 Qc7 18. b4 axb3 19. axb3 Ng7 20. Bd3 Nb8 21. Qb4 Na6
22. Qb5 Nc5 23. Bc2 f5 24. f4 exf4 25. Bxf4 Bf6 26. b4 Ne4 27. Bxe4 fxe4 28. c5
Nf5 29. Qxb7 Qxb7 30. Nxb7 Bc3 31. Rxe4 g5 32. Rc1 Bxb4 33. Rxb4 dxc5 34. Nxc5
gxf4 35. Rxf4 Nd6 36. Rxf8+ Rxf8 37. Kg1 Rf5 38. Rd1 Nc4 39. g4 Rg5 40. h3 Ne3
41. Ne4 Rxg4+ 42. hxg4 Nxd1 43. d6 Kf7 44. Kg2 Ne3+ 45. Kf3 Nc4 46. Kf4 Ke6 47.
Ng5+ Kxd6 48. Nxh7 Ke7 49. g5 Kf7 50. Nf6 Nd6 51. Ng4 Kg7 52. Ne5 Nf7 53. Nxf7
Kxf7 54. Kf5 Kg7 55. g6 Kg8 56. Kf6 Kh8 57. g7+ Kg8 58. Kg6 1/2-1/2

[Event "grenke Chess Open 2025"]
[Site "Karlsruhe GER"]
[Date "2025.04.19"]
[Round "4.21"]
[White "Ondersteijn, Niels"]
[Black "Aswath, S"]
[Result "1-0"]
[WhiteTitle "IM"]
[BlackTitle "IM"]
[WhiteElo "2357"]
[BlackElo "2466"]
[WhiteFideId "1011162"]
[BlackFideId "46694919"]
[EventDate "2025.04.17"]

1. c4 e6 2. g3 d5 3. Bg2 d4 4. Nf3 Nc6 5. d3 Bb4+ 6. Bd2 a5 7. Na3 Bxa3 8. bxa3
Nge7 9. O-O O-O 10. Rb1 Rb8 11. Rb5 b6 12. Qa1 Ba6 13. Rb3 e5 14. Ne1 Qd6 15.
Nc2 Bb7 16. f4 f6 17. Rb5 Na7 18. fxe5 fxe5 19. Rxf8+ Kxf8 20. Rb1 Bxg2 21. Kxg2
Kg8 22. Rf1 c5 23. Kg1 Qe6 24. e4 dxe3 25. Bxe3 Rd8 26. Qc3 h6 27. Rd1 Nac6 28.
Qe1 Qg4 29. Rd2 Nf5 30. Qf2 e4 31. dxe4 Qxe4 32. Rxd8+ Nxd8 33. Qd2 Kh7 34. Qc3
Nd6 35. Bf4 Nxc4 36. Ne3 Nxe3 37. Bxe3 1-0

[Event "grenke Chess Open 2025"]
[Site "Karlsruhe GER"]
[Date "2025.04.19"]
[Round "4.22"]
[White "Spitzl, Vinzent"]
[Black "Ceres, Dragos"]
[Result "1/2-1/2"]
[WhiteTitle "FM"]
[BlackTitle "IM"]
[WhiteElo "2353"]
[BlackElo "2453"]
[WhiteFideId "12901253"]
[BlackFideId "13905864"]
[EventDate "2025.04.17"]

1. e4 c5 2. Nf3 d6 3. d4 cxd4 4. Nxd4 Nf6 5. Nc3 a6 6. Be2 e5 7. Nb3 Be7 8. O-O
O-O 9. Re1 Be6 10. Bf3 Qc7 11. a4 h6 12. h3 Rc8 13. Be3 Nbd7 14. a5 b5 15. axb6
Nxb6 16. Na5 Nc4 17. Nxc4 Bxc4 18. Na4 Rab8 19. b3 Bb5 20. Ra2 Bxa4 21. Rxa4
Qxc2 22. Qxc2 Rxc2 23. Rxa6 Rb2 24. Ra7 Bf8 25. Rc1 d5 26. exd5 e4 27. Bd4 R2xb3
28. Bxf6 exf3 29. Be5 1/2-1/2

[Event "grenke Chess Open 2025"]
[Site "Karlsruhe GER"]
[Date "2025.04.19"]
[Round "4.23"]
[White "Panjwani, Raja"]
[Black "Schulze, Marc"]
[Result "1-0"]
[WhiteTitle "IM"]
[WhiteElo "2443"]
[BlackElo "2253"]
[WhiteFideId "2604493"]
[BlackFideId "1271126"]
[EventDate "2025.04.17"]

1. d4 Nf6 2. Nf3 e6 3. c4 d5 4. Nc3 a6 5. cxd5 exd5 6. Bg5 Be7 7. e3 O-O 8. Bd3
Nbd7 9. Qc2 h6 10. Bf4 c5 11. dxc5 Nxc5 12. O-O Bd6 13. Bxd6 Qxd6 14. h3 b5 15.
Rac1 Ne6 16. Ne2 Bd7 17. Qc3 b4 18. Qe5 Qb6 19. Nf4 Nxf4 20. Qxf4 Rfc8 21. Nd4
a5 22. b3 Rc5 23. Rxc5 Qxc5 24. Ne2 Bb5 25. Rc1 Qb6 26. Bxb5 Qxb5 27. Nd4 Qb8
28. Rc7 Ra7 29. Rxa7 Qxa7 30. Qd6 Kh7 31. f3 h5 32. Kf2 Qa8 33. Qc7 Kg8 34. Nf5
a4 35. Nd6 d4 36. Qxf7+ Kh8 37. Nf5 1-0

[Event "grenke Chess Open 2025"]
[Site "Karlsruhe GER"]
[Date "2025.04.19"]
[Round "4.24"]
[White "Zienkiewicz, Jan"]
[Black "Buckels, Valentin"]
[Result "0-1"]
[WhiteTitle "FM"]
[BlackTitle "IM"]
[WhiteElo "2348"]
[BlackElo "2440"]
[WhiteFideId "45116768"]
[BlackFideId "12942766"]
[EventDate "2025.04.17"]

1. e4 e5 2. Nf3 Nc6 3. Bc4 Bc5 4. c3 Nf6 5. d3 a6 6. a4 d6 7. O-O Ba7 8. Re1 O-O
9. h3 Ne7 10. Nbd2 Ng6 11. Nf1 Be6 12. Bxe6 fxe6 13. b4 Nh5 14. Ra2 Nhf4 15.
N1h2 Nh4 16. Nxh4 Qxh4 17. Be3 Qg5 18. Ng4 h5 19. Bxf4 Rxf4 20. Ne3 Raf8 21. Qc1
Rf3 22. h4 Qg6 23. c4 Bd4 24. Ree2 R3f4 25. Qf1 Rxh4 26. g3 Rhf4 27. Kh2 Rf3 28.
Qg2 Qg5 29. Qh3 R8f6 30. Qh4 Qh6 31. c5 Bxe3 32. fxe3 g5 33. Qh3 h4 34. Rg2 Rxe3
35. cxd6 cxd6 36. Rac2 Rf1 37. Rc8+ Kg7 38. Rc7+ Kf6 39. Rgc2 hxg3+ 40. Kg2 Rg1+ 0-1

[Event "grenke Chess Open 2025"]
[Site "Karlsruhe GER"]
[Date "2025.04.19"]
[Round "4.25"]
[White "Degardin, Sylvain"]
[Black "Sorensen, Hampus"]
[Result "1-0"]
[WhiteTitle "FM"]
[BlackTitle "IM"]
[WhiteElo "2296"]
[BlackElo "2436"]
[WhiteFideId "20623070"]
[BlackFideId "8703884"]
[EventDate "2025.04.17"]

1. e4 c5 2. Nf3 d6 3. d4 cxd4 4. Nxd4 Nf6 5. Nc3 a6 6. a4 e5 7. Nf3 Be7 8. Bg5
Be6 9. Bxf6 Bxf6 10. Nd5 Nd7 11. Bc4 Rc8 12. Qe2 Be7 13. O-O Nb6 14. Nxb6 Qxb6
15. Bxe6 fxe6 16. c3 O-O 17. a5 Qc6 18. Nd2 Bf6 19. c4 Rb8 20. Qg4 Rfe8 21. b3
Qc5 22. Rfd1 Bd8 23. Nf3 Bxa5 24. Ng5 Bb6 25. Ra2 Re7 26. Nxh7 Qc8 27. Ng5 Qe8
28. Rxd6 Bc5 29. Rd3 Qg6 30. Qh4 Rf8 31. Rad2 Bd4 32. Rh3 Qh6 33. Qxh6 gxh6 34.
Nf3 1-0

[Event "grenke Chess Open 2025"]
[Site "Karlsruhe GER"]
[Date "2025.04.19"]
[Round "4.26"]
[White "Shirov, Alexei"]
[Black "Nurgaliyeva, Zarina"]
[Result "1/2-1/2"]
[WhiteTitle "GM"]
[BlackTitle "WFM"]
[WhiteElo "2650"]
[BlackElo "2199"]
[WhiteFideId "2209390"]
[BlackFideId "13730096"]
[EventDate "2025.04.17"]

1. e4 c6 2. Nf3 d5 3. Nc3 Bg4 4. h3 Bxf3 5. Qxf3 e6 6. d4 dxe4 7. Nxe4 Qxd4 8.
Be2 Nf6 9. Nxf6+ Qxf6 10. Qb3 b6 11. Be3 Nd7 12. Qa4 b5 13. Qe4 Qxb2 14. O-O Rc8
15. Bd4 Qb4 16. c4 c5 17. Rfb1 Qa4 18. Be3 b4 19. a3 b3 20. Bd1 Bd6 21. Rxb3 Nf6
22. Rb8 Nxe4 23. Bxa4+ Kd8 24. Rb7 Rc7 25. Rb8+ Rc8 26. Rb3 Kc7 27. f3 Ng3 28.
Bd2 Rb8 29. Ba5+ Kc8 30. Rxb8+ Bxb8 31. Bb5 Bc7 32. Ba6+ Kd7 33. Bb5+ Kc8 34.
Ba6+ Kd7 35. Bb5+ 1/2-1/2

[Event "grenke Chess Open 2025"]
[Site "Karlsruhe GER"]
[Date "2025.04.19"]
[Round "4.27"]
[White "Tschernatsch, Johannes"]
[Black "Indjic, Aleksandar"]
[Result "0-1"]
[WhiteTitle "FM"]
[BlackTitle "GM"]
[WhiteElo "2310"]
[BlackElo "2644"]
[WhiteFideId "16223977"]
[BlackFideId "911925"]
[EventDate "2025.04.17"]

1. e4 e5 2. Nf3 Nc6 3. Bc4 Nf6 4. d3 h6 5. Nc3 d6 6. a4 g6 7. a5 a6 8. h3 Bg7 9.
Be3 Be6 10. Bxe6 fxe6 11. Ne2 d5 12. Ng3 Qd6 13. O-O O-O 14. Ra4 d4 15. Bd2 Nd7
16. Nh4 Kh7 17. Qg4 Rf6 18. Nh1 Raf8 19. g3 Qc5 20. Rc4 Qd6 21. Ra4 h5 22. Qe2
Bh6 23. Ng2 Bxd2 24. Qxd2 Qc5 25. h4 Qb5 26. b3 b6 27. axb6 cxb6 28. Ne1 a5 29.
f3 Nb4 30. Nf2 Rc8 31. Nh3 Kg7 32. Ng5 Nf8 33. Rf2 Rc3 34. Kg2 Qc5 35. Ra1 Nh7
36. Nxh7 Kxh7 37. Qg5 Rf7 38. Rc1 Nc6 39. f4 exf4 40. Qxc5 Rxc5 41. gxf4 e5 42.
fxe5 Rxf2+ 43. Kxf2 Nxe5 44. Ke2 Rc3 45. Rd1 Kg7 46. Rd2 b5 47. Nf3 Nxf3 48.
Kxf3 a4 49. bxa4 bxa4 50. e5 a3 51. Rd1 a2 52. Ke4 Rxc2 53. Kxd4 g5 54. hxg5 h4
55. Kd5 Rd2 56. Ra1 Rxd3+ 57. Ke4 Ra3 0-1

[Event "grenke Chess Open 2025"]
[Site "Karlsruhe GER"]
[Date "2025.04.19"]
[Round "4.28"]
[White "Meier, Georg"]
[Black "Bodi, Tibor"]
[Result "1/2-1/2"]
[WhiteTitle "GM"]
[BlackTitle "FM"]
[WhiteElo "2595"]
[BlackElo "2307"]
[WhiteFideId "4675789"]
[BlackFideId "701084"]
[EventDate "2025.04.17"]

1. Nf3 d5 2. g3 Nf6 3. Bg2 e6 4. O-O Be7 5. c4 O-O 6. d4 a6 7. Nc3 Nbd7 8. b3 b6
9. cxd5 Nxd5 10. Nxd5 exd5 11. Bb2 Bb7 12. Rc1 Re8 13. Qc2 Rc8 14. Qf5 g6 15.
Qd3 Bd6 16. Rc2 Qe7 17. Rfc1 f6 18. Qd2 a5 19. Ne1 Nb8 20. a3 Na6 21. Ra1 c6 22.
Nd3 Nc7 23. h4 Ne6 24. e3 Ng7 25. Nf4 Rc7 26. a4 Nf5 27. Rac1 Rcc8 28. Qd3 Kg7
29. Bc3 Ba3 30. Re1 Nd6 31. f3 Bb4 32. Bxb4 axb4 33. Bh3 f5 34. Qd2 c5 35. dxc5
bxc5 36. Rxc5 Rxc5 37. Qd4+ Qf6 38. Qxc5 d4 39. Kf2 dxe3+ 40. Rxe3 Qb2+ 41. Ne2
Rxe3 42. Qxe3 Kf6 43. Bf1 Bd5 44. Qc5 Ke5 45. Bg2 f4 46. gxf4+ Ke6 47. Bh3+ Nf5
48. Bxf5+ gxf5 49. Qxb4 Kf7 50. a5 Qf6 51. Qc5 Qxh4+ 52. Ke3 Bxb3 53. Qxf5+ Qf6
54. Qxh7+ Kf8 55. Qe4 Qd6 56. Qe5 Qa3 57. Kf2 Bf7 58. f5 Qb4 59. Nf4 Kg8 60. Ng6
Qd2+ 61. Kg3 Qg5+ 62. Kh2 Qh5+ 63. Kg2 Bxg6 64. a6 Qg5+ 65. Qg3 Qxg3+ 66. Kxg3
Be8 67. Kg4 Kf7 68. Kg5 Bc6 69. f4 Bd5 70. a7 Bc6 71. f6 1/2-1/2

[Event "grenke Chess Open 2025"]
[Site "Karlsruhe GER"]
[Date "2025.04.19"]
[Round "4.29"]
[White "Pultinevicius, Paulius"]
[Black "Herbrig, Alexander"]
[Result "1-0"]
[WhiteTitle "GM"]
[BlackTitle "FM"]
[WhiteElo "2558"]
[BlackElo "2306"]
[WhiteFideId "12809390"]
[BlackFideId "12952044"]
[EventDate "2025.04.17"]

1. d4 d5 2. c4 e6 3. Nc3 Nc6 4. Nf3 Nf6 5. Bg5 dxc4 6. e4 h6 7. Bxf6 Qxf6 8.
Bxc4 Bd7 9. O-O O-O-O 10. e5 Qe7 11. Qe2 Kb8 12. Rfd1 Na5 13. Bd3 g5 14. Be4 Bc6
15. Rd3 Bg7 16. a3 g4 17. Nd2 f5 18. exf6 Qxf6 19. Qxg4 Rxd4 20. Rxd4 Qxd4 21.
Nf3 Qf6 22. Re1 h5 23. Qh3 Bd7 24. Bd5 Qf5 25. Qxf5 exf5 26. Re7 Bxc3 27. bxc3
Rd8 28. h4 Bc8 29. Bf7 Rh8 30. Re8 Rxe8 31. Bxe8 f4 32. Bxh5 Nc6 33. Bf7 Bf5 34.
h5 Ne7 35. h6 1-0

[Event "grenke Chess Open 2025"]
[Site "Karlsruhe GER"]
[Date "2025.04.19"]
[Round "4.30"]
[White "Woodward, Andy"]
[Black "Ohler, Julius"]
[Result "1-0"]
[WhiteTitle "GM"]
[BlackTitle "FM"]
[WhiteElo "2536"]
[BlackElo "2303"]
[WhiteFideId "30953499"]
[BlackFideId "16238982"]
[EventDate "2025.04.17"]

1. d4 d5 2. Nf3 Nf6 3. Bf4 c5 4. e3 Nc6 5. Nbd2 Bg4 6. c3 e6 7. Qa4 Nd7 8. Bb5
Qc8 9. h3 Bh5 10. g4 Bg6 11. Nh4 a6 12. Be2 b5 13. Qd1 cxd4 14. cxd4 Be7 15.
Nxg6 hxg6 16. a4 b4 17. a5 Qb7 18. Nb3 Na7 19. Rc1 Rc8 20. Rxc8+ Qxc8 21. Kf1
O-O 22. h4 Qc6 23. Qd3 Nb5 24. Kg2 Rc8 25. g5 Bd8 26. h5 gxh5 27. Bxh5 Qc2 28.
Be2 g6 29. Qxc2 Rxc2 30. Bxb5 axb5 31. Nc5 Nxc5 32. dxc5 Rxc5 33. Be5 f6 34.
gxf6 Bxa5 35. Rh8+ 1-0

[Event "grenke Chess Open 2025"]
[Site "Karlsruhe GER"]
[Date "2025.04.19"]
[Round "4.37"]
[White "Trost, Edvin"]
[Black "Cu, Ivan Travis"]
[Result "1-0"]
[WhiteTitle "IM"]
[BlackTitle "FM"]
[WhiteElo "2481"]
[BlackElo "2286"]
[WhiteFideId "1729519"]
[BlackFideId "5245010"]
[EventDate "2025.04.17"]

1. e4 c5 2. Nf3 g6 3. c3 Bg7 4. d4 cxd4 5. cxd4 d5 6. e5 a6 7. Bd3 Nc6 8. h3 f6
9. O-O fxe5 10. dxe5 Nxe5 11. Nxe5 Bxe5 12. Nc3 Nf6 13. Bh6 Bb8 14. Bg7 Rg8 15.
Bxf6 exf6 16. Re1+ Kf8 17. Bc4 Rg7 18. Nxd5 b5 19. Bb3 Bb7 20. Qf3 Bxd5 21. Bxd5
Raa7 22. Re6 Rgd7 23. Bc6 Rd3 24. Qe2 Kg7 25. Re8 Bh2+ 26. Kh1 Qd4 27. Re4 Rd2
28. Rxd4 Rxe2 29. Kxh2 Rxb2 30. f3 b4 31. Rad1 a5 32. R1d2 Rxd2 33. Rxd2 a4 34.
Rb2 1-0